000 00689nam a2200289Ia 4500
005 20260324123736.0
008 008 260324s9999 xx 000 0 eng d
020 _a9780429105593
037 _aEBOOK
040 _aCRL
040 _beng
040 _cCRL
041 _2eng
041 _aeng
084 _qCRL
100 _aIan Fairweather; Anne Brumfield
_91171479
245 0 _aLabVIEW
245 2 _bA Developer's Guide to Real World Integration
260 _bTaylor and Francis
260 _c2011
365 _a
365 _b420
856 _uhttp://www.taylorfrancis.com/books/9780429105593
942 _cEBOOK
999 _c1765248
_d1765248